000
00304nam a2200133Ia 4500
008
191201s2011 xx 000 0 und d
100
_a
LUCENTS
245
0
_a
General knowledge
250
_a
3rd
260
_a
N. delhi
_b
Lucent Pub
_c
2011
300
_a
662
650
_a
General Books
942
_2
ddc
_c
BK
_0
2
999
_c
5208
_d
5208